Návrh racionalizácie procesu prijímania zamestnancov

Salvato in:
Dettagli Bibliografici
Autore principale: Šebeň, Peter, 1990- (Autore)
Altri autori: Sablik, Jozef, 1944- (Relatore della tesi)
Natura: Manoscritto Libro
Lingua:slovacco
Pubblicazione: Trnava : STU v Bratislave MTF UPMK, 2012
Soggetti:
Accesso online:VAIS
Tags: Aggiungi Tag
Nessun Tag, puoi essere il primo ad aggiungerne!!

MARC

LEADER 00000ntm a22000003a 4500
001 stu251336
005 20150617230202.6
008 120719s2012----xo------------------slo-d
040 |a STU  |b slo 
041 0 |a slo 
044 |a xo 
100 1 |a Šebeň, Peter,  |d 1990-  |4 aut  |u M  |T MTF Materiálovotechnologická fakulta  |X 66275  |U M  |Y 60  |7 A000066275 
242 0 0 |a Proposal to rationalize the recruitment process  |y eng 
245 1 |a Návrh racionalizácie procesu prijímania zamestnancov 
260 |a Trnava :  |b STU v Bratislave MTF UPMK,  |c 2012 
300 |a 43s  |c CD ROM 
650 7 |a personálna práca v priemyselnom podniku  |2 stusub 
650 7 |a Personnel Policy in Industrial Plant  |2 estusub 
650 7 |a podnik  |2 stusub 
650 7 |a výber zamestnancov  |2 stusub 
650 7 |a získavanie zamestnancov  |2 stusub 
700 1 |a Sablik, Jozef,  |d 1944-  |4 ths  |u M4000  |U MTF Materiálovotechnologická fakulta  |T MTF Ústav priemyselného inžinierstva a manažmentu  |X 324  |U M4000  |Y 84  |7 A000000324 
856 4 |a info a plný text  |u http://is.stuba.sk/zp/portal_zp.pl?podrobnosti=92093  |3 VAIS 
996 |c M*BP-5853  |l MMSKP  |s P  |a 0  |w stu251336_0001